Marki samochodów - Statystyki

Ogólne statystyki
  • Ten quiz został rozwiązany 113 razy
  • Średni wynik to 14 z 16
Statystyki odpowiedzi
Obrazkowy Odpowiedź % Poprawnych
BMW
100%
Audi
99%
Ford
99%
Honda
96%
Ferrari
95%
Jaguar
93%
Mazda
93%
Tesla
93%
SEAT
92%
Chevrolet
91%
Suzuki
90%
Nissan
88%
Lexus
85%
Volvo
82%
Dodge
61%
Maserati
60%
Nie znaleziono quizów pasujących do podanych kryteriów
Rozkład punktacji
Procent ludzi z każdym wynikiem
Percentyl według liczby udzielonych odpowiedzi
Twoja historia wyników
Nie rozwiązałeś tego quizu